Modern communications switching systems / (Record no. 182547)

000 -LEADER
fixed length control field 01160 a2200229 4500
003 - CONTROL NUMBER IDENTIFIER
control field Nust
005 - DATE AND TIME OF LATEST TRANSACTION
control field 20170207153244.0
010 ## - LIBRARY OF CONGRESS CONTROL NUMBER
LC control number 80028236
020 ## - INTERNATIONAL STANDARD BOOK NUMBER
International Standard Book Number 0830612785 (pbk.) :
020 ## - INTERNATIONAL STANDARD BOOK NUMBER
International Standard Book Number 0830696350 :
040 ## - CATALOGING SOURCE
Transcribing agency Nust
082 00 - DEWEY DECIMAL CLASSIFICATION NUMBER
Classification number 621.382
100 1# - MAIN ENTRY--PERSONAL NAME
Personal name Hobbs, Marvin.
245 10 - TITLE STATEMENT
Title Modern communications switching systems /
Statement of responsibility, etc. by Marvin Hobbs.
250 ## - EDITION STATEMENT
Edition statement 1st ed.
260 ## - PUBLICATION, DISTRIBUTION, ETC.
Place of publication, distribution, etc. Blue Ridge Summit, Pa. :
Name of publisher, distributor, etc. Tab Books,
Date of publication, distribution, etc. 1981.
300 ## - PHYSICAL DESCRIPTION
Extent 308 p. :
Other physical details ill. ;
Dimensions 22 cm.
500 ## - GENERAL NOTE
General note Includes index.
505 ## - FORMATTED CONTENTS NOTE
Formatted contents note The Slow Push for Progress (Page-7) Basic Switching and Traffic Concepts (Page-19) Logic Switching Algebra and Control (Page-39) Circuit Switches and Relays for Speech (Page-56) Control and Signal Methods (Page-78) Modern Step-by-Step and Rotary Exchanges (Page-104) Electromechanical Crossbar Systems (Page-128) Electronic Exchanges with Wired Logic (Page-142) The Elements of Stored Program Control (Page-162) Typical SPC Exchange Switching Systems (Page-199) Data and Telex Switching (Page-215) Automatic Private Branch Exchanges (Page-229).
538 ## - SYSTEM DETAILS NOTE
System details note Almirah No.36 Shelf No.5
650 #0 - SUBJECT ADDED ENTRY--TOPICAL TERM
Topical term or geographic name entry element Telecommunications engineering.
942 ## - ADDED ENTRY ELEMENTS (KOHA)
Source of classification or shelving scheme
Koha item type Book
Holdings
Withdrawn status Lost status Source of classification or shelving scheme Damaged status Not for loan Collection code Permanent Location Current Location Date acquired Total Checkouts Full call number Barcode Date last seen Price effective from Koha item type
            Military College of Signals (MCS) Military College of Signals (MCS) 12/12/2016   621.382 HOB MCS5730 12/08/2016 12/12/2016 Book
© 2023 Central Library, National University of Sciences and Technology. All Rights Reserved.